Statistics for Top 10 Non-English Languages Spoken in Massachusetts

Click here to take the quiz!

General Stats

  • This quiz has been taken 259 times
  • The average score is 8 of 11

Answer Stats

%Language% Correct
7.50Spanish
100%
1.11French
96%
1.59Chinese
91%
2.97Portuguese
91%
0.72Italian
88%
0.62Russian
83%
0.37Arabic
78%
0.58Vietnamese
72%
0.41Greek
54%
0.89French Creole
41%
0.37Cambodian
22%

Score Distribution

Percentile by Number Answered

Percent of People with Each Score

Your Score History

You have not taken this quiz